[Event "9th Tournament of Peace"]
[Site "Zagreb CRO"]
[Date "2023.11.28"]
[Round "7.3"]
[White "Niemann, Hans Moke"]
[Black "Sokolov, Ivan"]
[Result "1-0"]
[WhiteElo "2659"]
[BlackElo "2588"]
[EventDate "2023.11.22"]
[PlyCount "73"]

1.e4 e5 2.Nf3 Nc6 3.Bc4 Bc5 4.c3 Nf6 5.d3 d6 6.O-O h6 7.Nbd2 a5 8.Re1 O-O 
9.Nf1 Ne7 10.d4 exd4 11.cxd4 Bb6 12.h3 d5 13.e5 Ne4 14.Bd3 c5 15.Ng3 Bf5 
16.Nxf5 Nxf5 17.Bxe4 dxe4 18.Rxe4 Qd5 19.Rg4 Kh8 20.Qd3 Nxd4 21.Ng5 hxg5 
22.Bxg5 Nf3+ 23.Qxf3 Qxf3 24.gxf3 Bd8 25.Be3 Be7 26.Kh1 Rfe8 27.f4 Bf8 28.
a4 Ra6 29.Bd2 c4 30.Bc3 Rh6 31.Kh2 Bb4 32.Rag1 g6 33.Rd1 Bxc3 34.bxc3 Re7 
35.Rd5 b6 36.Rd4 Rc7 37.Rd6 1-0

[Event "9th Tournament of Peace"]
[Site "Zagreb CRO"]
[Date "2023.11.28"]
[Round "7.4"]
[White "Ivanchuk, Vasyl"]
[Black "Cheparinov, Ivan"]
[Result "1-0"]
[WhiteElo "2653"]
[BlackElo "2649"]
[EventDate "2023.11.22"]
[PlyCount "149"]

1.Nf3 d5 2.d4 Nf6 3.c4 e6 4.Nc3 c5 5.e3 Nc6 6.cxd5 exd5 7.Bb5 cxd4 8.exd4 
Bd6 9.O-O O-O 10.h3 h6 11.Re1 Re8 12.Rxe8+ Qxe8 13.Be3 Bd7 14.Rc1 Rc8 15.
Bd3 Na5 16.Rc2 Nc4 17.Bc1 Be6 18.Re2 Qd8 19.Qe1 Qd7 20.Ne5 Bxe5 21.dxe5 d4
22.exf6 dxc3 23.bxc3 gxf6 24.Bc2 Bf5 25.Re7 Qd5 26.Bxf5 Qxf5 27.Rxb7 Ne5 
28.Be3 a5 29.Bd4 Nc6 30.Qe3 Nxd4 31.cxd4 Qg5 32.Qe4 Rd8 33.Rb3 f5 34.Qe5 
f4 35.Qe4 Qf6 36.Rd3 Qg6 37.Qf3 Qg5 38.Kh2 Kg7 39.Rd1 Rd5 40.Qe4 Qf5 41.
Qf3 Kh7 42.Kg1 Kg7 43.Kf1 Kf8 44.Qd3 Qxd3+ 45.Rxd3 Rb5 46.Ra3 f3 47.gxf3 
Ke7 48.Ke2 Rh5 49.f4 Kd6 50.f3 Rxh3 51.Rxa5 Rh2+ 52.Ke3 h5 53.Ra7 Ke6 54.
Ra6+ Kf5 55.a4 h4 56.Rh6 Ra2 57.Rh5+ Ke6 58.f5+ Kf6 59.Rxh4 Rxa4 60.Ke4 
Ra1 61.Kf4 Rd1 62.Rh6+ Ke7 63.Ke3 Re1+ 64.Kf4 Rd1 65.Ke4 Re1+ 66.Kd5 Rf1 
67.f6+ Kd7 68.Rh7 Rxf3 69.Rxf7+ Ke8 70.Re7+ Kf8 71.Ke6 Re3+ 72.Kd6 Rf3 73.
d5 Rxf6+ 74.Kd7 Ra6 75.Re2 1-0

[Event "9th Tournament of Peace"]
[Site "Zagreb CRO"]
[Date "2023.11.28"]
[Round "7.5"]
[White "Kozul, Zdenko"]
[Black "Zelcic, Robert"]
[Result "1-0"]
[WhiteElo "2531"]
[BlackElo "2478"]
[EventDate "2023.11.22"]
[PlyCount "101"]

1.d4 Nf6 2.c4 e6 3.g3 d5 4.Bg2 dxc4 5.Nf3 Bb4+ 6.Bd2 a5 7.a3 Bxd2+ 8.Nbxd2
b5 9.b3 c3 10.Nb1 Bb7 11.Nxc3 b4 12.Na4 Nbd7 13.O-O O-O 14.axb4 axb4 15.
Rc1 Bd5 16.Ne5 Bxg2 17.Kxg2 Nb6 18.Nxb6 cxb6 19.Qd3 Qd5+ 20.f3 Rfc8 21.
Rxc8+ Rxc8 22.Ra1 Ne8 23.Ra7 f6 24.Nc4 Qc6 25.Ra6 Rb8 26.Qe4 Qxe4 27.fxe4 
Rd8 28.e3 b5 29.Na5 Kf7 30.Kf3 Rc8 31.Nc6 Kf8 32.h4 h5 33.Rb6 e5 34.d5 Nd6
35.Na7 Rc7 36.Nxb5 Nxb5 37.Rxb5 Rc2 38.Rb8+ Ke7 39.Rb7+ Kd6 40.Rxb4 g5 41.
hxg5 fxg5 42.g4 h4 43.Rb6+ Kd7 44.Rg6 Rh2 45.Rxg5 Rh3+ 46.Ke2 Kd6 47.b4 
Rh2+ 48.Kd3 h3 49.Rh5 Rh1 50.Ke2 h2 51.Kf2 1-0

[Event "9th Tournament of Peace"]
[Site "Zagreb CRO"]
[Date "2023.11.29"]
[Round "8.1"]
[White "Stevic, Hrvoje"]
[Black "Zelcic, Robert"]
[Result "1/2-1/2"]
[WhiteElo "2549"]
[BlackElo "2478"]
[EventDate "2023.11.22"]
[PlyCount "21"]

1.Nc3 Nf6 2.Nf3 d5 3.e3 e6 4.d4 Be7 5.Bd3 O-O 6.Ne2 c5 7.c3 Nc6 8.O-O cxd4
9.exd4 b6 10.Ng3 Bb7 11.Re1 1/2-1/2

[Event "9th Tournament of Peace"]
[Site "Zagreb CRO"]
[Date "2023.11.29"]
[Round "8.2"]
[White "Cheparinov, Ivan"]
[Black "Kozul, Zdenko"]
[Result "1/2-1/2"]
[WhiteElo "2649"]
[BlackElo "2531"]
[EventDate "2023.11.22"]
[PlyCount "104"]

1.e4 c5 2.Nf3 d6 3.d4 cxd4 4.Nxd4 Nf6 5.Nc3 Nc6 6.Bg5 e6 7.Qd2 Qb6 8.O-O-O
Qxd4 9.Qxd4 Nxd4 10.Rxd4 a6 11.Na4 Nd7 12.c4 Be7 13.Be3 Rb8 14.Be2 b6 15.
Rhd1 Bb7 16.f3 Bc6 17.Nc3 O-O 18.Rxd6 Bxd6 19.Rxd6 Rfc8 20.b4 Kf8 21.Kb2 
Ke7 22.Rd1 b5 23.c5 Ne5 24.Bf4 f6 25.Bxe5 fxe5 26.Rd6 Rc7 27.f4 a5 28.a3 
axb4 29.axb4 exf4 30.Bg4 Bd7 31.e5 Rf8 32.Rb6 h5 33.Bf3 Rf5 34.c6 Rxe5 35.
Rb7 Kd8 36.Rxc7 Kxc7 37.cxd7 Kxd7 38.Kc2 h4 39.h3 Ke7 40.Ne2 g5 41.Nc3 Kf6
42.Be4 g4 43.hxg4 Kg5 44.Kd3 Kxg4 45.Kd4 Rf5 46.Bf3+ Kg3 47.Ke4 Kf2 48.Ne2
Rf8 49.Nxf4 Rc8 50.Nd3+ Kg3 51.Nc5 Kf2 52.Nd3+ Kg3 1/2-1/2

[Event "9th Tournament of Peace"]
[Site "Zagreb CRO"]
[Date "2023.11.29"]
[Round "8.3"]
[White "Sokolov, Ivan"]
[Black "Ivanchuk, Vasyl"]
[Result "1/2-1/2"]
[WhiteElo "2588"]
[BlackElo "2653"]
[EventDate "2023.11.22"]
[PlyCount "57"]

1.d4 Nf6 2.c4 e6 3.Nf3 d5 4.Nc3 dxc4 5.e3 a6 6.a4 c5 7.Bxc4 Nc6 8.O-O Be7 
9.dxc5 Qxd1 10.Rxd1 Bxc5 11.Bd2 Bb4 12.Be2 O-O 13.Na2 Bxd2 14.Nxd2 e5 15.
Nc3 Be6 16.Bc4 Rfe8 17.Bxe6 Rxe6 18.Nde4 Nxe4 19.Nxe4 Re7 20.Rac1 f6 21.g4
Kf7 22.Nd6+ Kg6 23.Nf5 Rf7 24.Kg2 h5 25.h3 hxg4 26.hxg4 Rd8 27.Nh4+ Kh6 
28.Nf5+ Kg6 29.Nh4+ 1/2-1/2

[Event "9th Tournament of Peace"]
[Site "Zagreb CRO"]
[Date "2023.11.30"]
[Round "9.2"]
[White "Niemann, Hans Moke"]
[Black "Korobov, Anton"]
[Result "1-0"]
[WhiteElo "2659"]
[BlackElo "2667"]
[EventDate "2023.11.22"]
[PlyCount "77"]

1.e4 c5 2.Nf3 d6 3.Bb5+ Nd7 4.O-O a6 5.Bd3 Ngf6 6.Re1 e6 7.Bf1 b6 8.c4 Bb7
9.Nc3 Ne5 10.d4 Nxf3+ 11.gxf3 g6 12.Be3 Bg7 13.Qd2 O-O 14.Rad1 Bc6 15.Bg5 
Qb8 16.d5 exd5 17.cxd5 Bd7 18.Ne2 Re8 19.Bg2 b5 20.Kh1 a5 21.Ng3 h5 22.Rg1
Ra7 23.Bf1 c4 24.Be2 Bc8 25.Bxf6 Bxf6 26.Nxh5 Bh8 27.Qh6 Qb6 28.Rg2 Ree7 
29.f4 Rxe4 30.Rxg6+ fxg6 31.Qxg6+ Kf8 32.Qh6+ Bg7 33.Nxg7 Rxg7 34.Rg1 Bg4 
35.Bxg4 Qd4 36.Be6 Qxb2 37.Qh8+ Ke7 38.Rxg7+ Kf6 39.Qh6# 1-0

[Event "9th Tournament of Peace"]
[Site "Zagreb CRO"]
[Date "2023.11.30"]
[Round "9.3"]
[White "Ivanchuk, Vasyl"]
[Black "Brkic, Ante"]
[Result "1/2-1/2"]
[WhiteElo "2653"]
[BlackElo "2622"]
[EventDate "2023.11.22"]
[PlyCount "44"]

1.d4 Nf6 2.c4 e6 3.Nf3 d5 4.e3 Be7 5.b3 O-O 6.Bb2 c5 7.dxc5 Bxc5 8.cxd5 
Nxd5 9.Bc4 Nb6 10.Qxd8 Rxd8 11.Be2 Nc6 12.O-O f6 13.Nc3 e5 14.Rfd1 Be6 15.
Ne1 Be7 16.Rxd8+ Rxd8 17.Rd1 Rxd1 18.Bxd1 Nd5 19.Nxd5 Bxd5 20.Nd3 Nb4 21.
Nxb4 Bxb4 22.Bc2 Kf7 1/2-1/2

[Event "9th Tournament of Peace"]
[Site "Zagreb CRO"]
[Date "2023.11.30"]
[Round "9.4"]
[White "Kozul, Zdenko"]
[Black "Sokolov, Ivan"]
[Result "0-1"]
[WhiteElo "2531"]
[BlackElo "2588"]
[EventDate "2023.11.22"]
[PlyCount "82"]

1.d4 Nf6 2.c4 e6 3.g3 d5 4.Bg2 Bb4+ 5.Bd2 Bd6 6.Nf3 Nc6 7.Bc3 Ne4 8.Nbd2 
Nxc3 9.bxc3 O-O 10.Qc2 Re8 11.h4 h6 12.O-O dxc4 13.Nxc4 e5 14.e4 Qf6 15.d5
Nb8 16.a4 Na6 17.Nfd2 Bd7 18.Rfb1 Nc5 19.Bf1 Bf8 20.Ne3 h5 21.a5 g6 22.Kg2
Bh6 23.Nb3 Bxe3 24.fxe3 Nxb3 25.Rxb3 b6 26.c4 g5 27.Qf2 Qg6 28.hxg5 Qxg5 
29.Kh2 Kg7 30.c5 bxc5 31.Rb7 Rac8 32.Bc4 Rh8 33.Rxa7 Bg4 34.d6 h4 35.Qxf7+
Kh6 36.Qe7 hxg3+ 37.Kg2 Bh3+ 38.Kh1 Bf1 39.Qxg5+ Kxg5+ 40.Kg1 Bxc4 41.d7 
Rcd8 0-1

[Event "9th Tournament of Peace"]
[Site "Zagreb CRO"]
[Date "2023.11.30"]
[Round "9.5"]
[White "Zelcic, Robert"]
[Black "Cheparinov, Ivan"]
[Result "1/2-1/2"]
[WhiteElo "2478"]
[BlackElo "2649"]
[EventDate "2023.11.22"]
[PlyCount "73"]

1.e4 c5 2.Nf3 Nc6 3.d4 cxd4 4.Nxd4 Nf6 5.Nc3 d6 6.Bg5 Bd7 7.Qd2 a6 8.Bxf6 
gxf6 9.Be2 h5 10.O-O e6 11.Kh1 Qb6 12.Nxc6 Bxc6 13.Rab1 Rd8 14.b4 Be7 15.
b5 axb5 16.Bxb5 Qc5 17.Rb3 Rc8 18.Bxc6+ Rxc6 19.f4 h4 20.h3 Rg8 21.f5 Qe5 
22.Rf4 Rg3 23.Ne2 Rxb3 24.cxb3 Rc5 25.Rxh4 d5 26.fxe6 fxe6 27.exd5 Rxd5 
28.Qc2 f5 29.Rh7 Rc5 30.Qd3 Bd6 31.g3 Qd5+ 32.Qxd5 Rxd5 33.Kg2 Rd2 34.Kf1 
Rd1+ 35.Kg2 Rd2 36.Kf1 Rd1+ 37.Kg2 1/2-1/2